La Nacionalitat catalana / Enrich Prat de la Riba
Descripción Física:
141 p. ; 20 cm
MARC
| LEADER | 00000nam a2200000Ia 4500 | ||
|---|---|---|---|
| 001 | 14643 | ||
| 008 | 160829s1910 xx 000 0 cat d | ||
| 080 | |a M-4-252 | ||
| 100 | |a Prat de la Riba, Enric, |d 1870-1917 |9 25299 | ||
| 245 | |a La Nacionalitat catalana / Enrich Prat de la Riba | ||
| 260 | |a Barcelona : |b La Catalana, |c 1910 | ||
| 300 | |a 141 p. ; |c 20 cm | ||
| 590 | |a Taula onomàstica | ||
| 650 | 0 | |a Nacionalitat |z Catalunya |9 18924 | |
| 650 | 0 | |a Nacionalisme |z Catalunya |9 11008 | |
| 901 | |a Arxiu | ||
| 942 | |n 1 | ||
| 952 | |0 0 |1 0 |4 0 |6 M4252 |7 1 |9 43541 |a Arxiu |b Arxiu |d 2016-12-01 |l 0 |o M-4-252 |p 14643 |r 2016-12-01 00:00:00 |w 2016-12-01 |y ARXIU | ||
| 999 | |c 46087 |d 46087 | ||